Normal view
MARC view
- Howell, Henry Budd,
Entry Nombre Personal
001 - NUMERO DE CONTROL
- campo de control: 52859
003 - IDENTIFICADOR DE NUMERO DE CONTROL
- campo de control: MX-MxUPN
005 - FECHA Y HORA DE LA ÜLTIMA TRANSACCIÓN
- campo de control: 20240806103800.0
008 - DATOS DE LONGITUD FIJA
- campo de control de longitud fija: 240806|| aca||aabn | aaa d
040 ## - FUENTE DE CATALOGACIÓN
- Agencia original de catalogación: MX-MxUPN
- Lenguaje de catalogación: spa
- Agencia de transcripción: MX-MxUPN
100 1# - ENCABEZAMIENTO - NOMBRE PERSONAL
- Nombre personal: Howell, Henry Budd,
- Fechas asociadas con el nombre: 1867-
670 ## - FUENTE EN LA QUE SE LOCALIZARON DATOS
- Cita de la fuente: A foundational study in the pedagogy of arithmetic, 1914:
- Información localizada: portada (Henry Budd Howell)
902 ## - CATALOGADOR
- Catalogador: Víctor Ruiz/060824
